书目信息 |
| 题名: |
MATLAB基础及应用
|
|
| 作者: | 张学敏 主编 | |
| 分册: | ||
| 出版信息: | 北京 中国电力出版社 2009.02 |
|
| 页数: | 263页 | |
| 开本: | 26cm | |
| 丛书名: | ||
| 单 册: | ||
| 中图分类: | TP312MA | |
| 科图分类: | ||
| 主题词: | 算法语言--suan fa yu yan--高等学校--教材 | |
| 电子资源: | ||
| ISBN: | 978-7-5083-8160-2 | |
| 000 | 00887nam0 2200253 450 | |
| 001 | 012009358045 | |
| 005 | 20091127203736.75 | |
| 010 | @a978-7-5083-8160-2@dCNY27.20 | |
| 100 | @a20091127d2009 em y0chiy0120 ea | |
| 101 | 0 | @achi |
| 102 | @aCN@b110000 | |
| 105 | @aak a 000yy | |
| 106 | @ar | |
| 200 | 1 | @aMATLAB基础及应用@AMATLAB ji chu ji ying yong@f张学敏主编@Fzhang xue min zhu bian |
| 210 | @a北京@c中国电力出版社@d2009.02 | |
| 215 | @a263页@c图@d26cm | |
| 300 | @a21世纪高等学校规划教材 | |
| 320 | @a有书目 (第263页) | |
| 330 | @aMATLAB是集数学计算、图形处理和程序设计于一体的科学计算软件。本书以全新的编排方式,由浅入深、循序渐进地介绍了MATLAB7的数值计算、符号运算等内容。 | |
| 606 | 0 | @a算法语言@Asuan fa yu yan@x高等学校@j教材 |
| 690 | @aTP312MA@v4 | |
| 701 | 0 | @a张学敏@Azhang xue min@4主编 |
| 801 | 0 | @aCN@bQSSK@c20091127 |
| 905 | @b766385-87@dTP312MA@eZ214@f3 | |
| MATLAB基础及应用/张学敏主编.-北京:中国电力出版社,2009.02 |
| 263页:图;26cm |
| 21世纪高等学校规划教材 |
| ISBN 978-7-5083-8160-2:CNY27.20 |
| MATLAB是集数学计算、图形处理和程序设计于一体的科学计算软件。本书以全新的编排方式,由浅入深、循序渐进地介绍了MATLAB7的数值计算、符号运算等内容。 |
| ● |
| 相关链接 |
|
|
|
正题名:MATLAB基础及应用
索取号:TP312MA/Z214
 
预约/预借
| 序号 | 登录号 | 条形码 | 馆藏地/架位号 | 状态 | 备注 |
| 1 | 766385 | 207663857 | 自科库301/301自科库 86排1列4层/ [索取号:TP312MA/Z214] | 在馆 | |
| 2 | 766386 | 207663866 | 自科库301/301自科库 86排1列4层/ [索取号:TP312MA/Z214] | 在馆 | |
| 3 | 766387 | 207663875 | 自科二线404/301自科库 80排2列5层/ [索取号:TP312MA/Z214] | 在馆 |